Entry Nombre personal
001 - NÚMERO DE CONTROL
- campo de control: 234329
003 - IDENTIFICADOR DE NÚMERO DE CONTROL
- campo de control: SpMaBN
005 - FECHA Y HORA DE LA ÚLTIMA TRANSACCIÓN
- campo de control: 20231009164444.0
008 - ELEMENTOS DE DATO DE LONGITUD-FIJA
- campo de control de longitud fija: 960922nn aijnnaabn a aaa
016 ## - NÚMERO DE CONTROL DE UNA AGENCIA BIBLIOGRÁFICA NACIONAL
- Número de control del registro: BNE19990836737
024 7# - IDENTIFICADOR DE OTROS ESTÁNDARES
- Número estándar o código: https://isni.org/isni/0000000059344781
- Fuente: isni
024 7# - IDENTIFICADOR DE OTROS ESTÁNDARES
- Número estándar o código: http://viaf.org/viaf/43750660/
- Fuente: viaf
040 ## - FUENTE DE CATALOGACIÓN
- Centro catalogador/agencia de origen: SpMaBN
- Lengua de catalogación: spa
- Centro/agencia transcriptor: SpMaBN
- Normas de descripción: rdc
- Convención/Normas de encabezamiento de materia/tesauro: embne
046 ## - FECHAS CON CODIFICACIÓN ESPECIAL
- Fecha de nacimiento: 1924
100 1# - ENCABEZAMIENTO-NOMBRE DE PERSONA
- Nombre de persona: Hooghvorst, Charles Van der Linden d',
- Fechas asociadas al nombre: 1924-2004
370 ## - LUGAR ASOCIADO
- Lugar de nacimiento: Bélgica, Bruselas Capital (Región), Bruselas
370 ## - LUGAR ASOCIADO
- Lugar de fallecimiento: España, Cataluña
375 ## - GÉNERO/SEXO
- Género: Masculino
377 ## - IDIOMA ASOCIADO
- Código del idioma: spa
- Término de lengua/lenguaje: Español
400 10 - TRAZADO DE VÉASE--NOMBRE DE PERSONA
- Nombre de persona: D'Hooghvorst, Charles,
- Fechas asociadas al nombre: 1924-2004
400 10 - TRAZADO DE VÉASE--NOMBRE DE PERSONA
- Nombre de persona: Hooghvorst, Charles d',
- Fechas asociadas al nombre: 1924-2004
500 10 - TRAZADO DE VÉASE ADEMÁS--NOMBRE DE PERSONA
- Subcampo de control: r
- Información de relación: Identidad alternativa:
- Nombre de persona: Tilo, Carlos del
- Fechas asociadas al nombre: 1924-2004
663 ## - REFERENCIA COMPLEJA DE VÉASE ADEMÁS--NOMBRE
- Texto explicativo: Para obras de este autor escritas bajo seudónimo, véase además:
- Encabezamiento referido a: Tilo, Carlos del (1924- )
670 ## - FUENTE DE DATOS ENCONTRADOS
- Cita de la fuente: Concordance mitho-phisico-cabalo-hermetique, 1981
- Información encontrada: port. (Charles Van der Linden D'Hooghvorst)
670 ## - FUENTE DE DATOS ENCONTRADOS
- Cita de la fuente: El libro de Adán, 2002
- Información encontrada: port. (Carlos del Tilo) solapa (Charles D'Hooghvorst; n. 1924, en Bruselas)
670 ## - FUENTE DE DATOS ENCONTRADOS
- Cita de la fuente: Palabras de exilio, 2020
- Información encontrada: portada (Carlos del Tilo) solapa (1924-2004; seudónimo con el que Charles D'Hooghvorst firmo sus artículos en Castellano; nació en Bélgica; en los años 50 se trasladó a Cataluña donde acabó su vida)
